| 000 | 00792naa a2200217 i 4500 | ||
|---|---|---|---|
| 001 | 141 | ||
| 003 | ES-MaBCM | ||
| 005 | 20241016090431.0 | ||
| 008 | 871112s1987 esp 000 0 spa d | ||
| 021 | _axx | ||
| 035 | _a(OCoLC)1365227678 | ||
| 040 | _cES-MaBCM | ||
| 041 | 0 | _aspa | |
| 043 | _aesp | ||
| 245 | 0 | 0 | _aCiudad y calidad de vida |
| 520 | _aVarios artículos: J.A. Corraliza Rodríguez "La ciudad y la calidad de vida". A. Blanco Abarca "El hecho urbano: su significado psicosocial". M. Castells "Reestructuración económica, revolución tecnológica y nueva organización del territorio", etc | ||
| 650 | 2 | 7 |
_aCiudad _957920 |
| 650 | 7 |
_aCalidad de la vida _957797 |
|
| 773 | 0 |
_aEn: _tDocumentación social _dMadrid : 1987 _w104759 _gnº 67, abril-junio, p.9-257 |
|
| 942 | _cAREV | ||
| 999 |
_c141 _d141 |
||